| 000 | 01547nam a2200361 a 4500 | ||
|---|---|---|---|
| 001 | ebr10370003 | ||
| 003 | CaPaEBR | ||
| 006 | m u | ||
| 007 | cr cn||||||||| | ||
| 008 | 071116s2007 mnu sb 000 0beng | ||
| 010 | _z 2007046349 | ||
| 020 | _z9780977861750 (acid-free paper) | ||
| 040 |
_aCaPaEBR _cCaPaEBR |
||
| 035 | _a(OCoLC)712059567 | ||
| 043 |
_an-us--- _an-us-ny |
||
| 050 | 1 | 4 |
_aZ720.M195 _bF58 2007eb |
| 082 | 0 | 4 |
_a020.92 _aB _222 |
| 100 | 1 | _aFitzpatrick, Jane Brodsky. | |
| 245 | 1 | 0 |
_aMrs. Magavero _h[electronic resource] : _ba history based on the career of an academic librarian / _cby Jane Brodsky Fitzpatrick. |
| 260 |
_aDuluth, Minn. : _bLibrary Juice Press, _cc2007. |
||
| 300 | _a92 p. | ||
| 504 | _aIncludes bibliographical references (p. 83-92). | ||
| 533 |
_aElectronic reproduction. _bPalo Alto, Calif. : _cebrary, _d2013. _nAvailable via World Wide Web. _nAccess may be limited to ebrary affiliated libraries. |
||
| 600 | 1 | 0 |
_aMagavero, Filomena I., _d1922- |
| 610 | 2 | 0 |
_aState University of New York Maritime College _xProfessional staff _vBiography. |
| 650 | 0 |
_aAcademic librarians _zUnited States _vBiography. |
|
| 650 | 0 |
_aWomen librarians _zUnited States _vBiography. |
|
| 650 | 0 |
_aWomen in library science _zUnited States. |
|
| 650 | 0 |
_aSex discrimination in employment _zUnited States. |
|
| 655 | 7 |
_aElectronic books. _2local |
|
| 710 | 2 | _aebrary, Inc. | |
| 856 | 4 | 0 |
_uhttp://site.ebrary.com/lib/rucke/Doc?id=10370003 _zAn electronic book accessible through the World Wide Web; click to view |
| 999 |
_c110228 _d110228 |
||